<?xml version="1.0" encoding="UTF-8"?>
<record
    xmlns:xsi="http://www.w3.org/2001/XMLSchema-instance"
    xsi:schemaLocation="http://www.loc.gov/MARC21/slim http://www.loc.gov/standards/marcxml/schema/MARC21slim.xsd"
    xmlns="http://www.loc.gov/MARC21/slim">

  <leader>01243nam a2200277Ia 4500</leader>
  <controlfield tag="005">20231102151429.0</controlfield>
  <controlfield tag="008">121028s2003    mx a          000 0 spa d</controlfield>
  <datafield tag="020" ind1=" " ind2=" ">
    <subfield code="a">9701036328</subfield>
  </datafield>
  <datafield tag="040" ind1=" " ind2=" ">
    <subfield code="e">RDA</subfield>
  </datafield>
  <datafield tag="050" ind1=" " ind2=" ">
    <subfield code="a">AZ105 H47 2003</subfield>
  </datafield>
  <datafield tag="100" ind1="1" ind2="0">
    <subfield code="a">Hern&#xE1;ndez Sampieri, Roberto</subfield>
    <subfield code="d">autor</subfield>
    <subfield code="9">5211</subfield>
  </datafield>
  <datafield tag="245" ind1="1" ind2="0">
    <subfield code="a">Metodolog&#xED;a de la Investigaci&#xF3;n </subfield>
    <subfield code="c">/ Roberto Hern&#xE1;ndez Sampieri, Carlos Fern&#xE1;ndez Collado y Pilar Baptista Lucio</subfield>
  </datafield>
  <datafield tag="250" ind1=" " ind2=" ">
    <subfield code="a">3a edici&#xF3;n</subfield>
  </datafield>
  <datafield tag="260" ind1=" " ind2=" ">
    <subfield code="a">M&#xE9;xico </subfield>
    <subfield code="b">: McGraw-Hill</subfield>
    <subfield code="c">2003</subfield>
  </datafield>
  <datafield tag="300" ind1=" " ind2=" ">
    <subfield code="a">xxxvii, 705 p&#xE1;ginas</subfield>
  </datafield>
  <datafield tag="337" ind1=" " ind2=" ">
    <subfield code="a">texto</subfield>
  </datafield>
  <datafield tag="338" ind1=" " ind2=" ">
    <subfield code="a">sin medio</subfield>
  </datafield>
  <datafield tag="339" ind1=" " ind2=" ">
    <subfield code="a">volumen</subfield>
  </datafield>
  <datafield tag="500" ind1=" " ind2=" ">
    <subfield code="a">Plan Flexible 
Pedagog&#xED;a / Seminario de Investigaci&#xF3;n Pedag&#xF3;gica I (M07- ) / (14 000118, 14 000293, 14 000294, 14 000295)
</subfield>
  </datafield>
  <datafield tag="500" ind1=" " ind2=" ">
    <subfield code="a">Incluye &#xED;ndices  Bibliograf&#xED;a: p. 675-684</subfield>
  </datafield>
  <datafield tag="505" ind1=" " ind2=" ">
    <subfield code="a">Introducci&#xF3;n 
Cap. 1. El proceso de investigaci&#xF3;n y los enfoques cuantitativo y cualitativo hac&#xED;a un modelo integral 
Cap. 2. La idea: nace un proyecto de investigaci&#xF3;n 
Cap. 3. Planteamiento del problema: objetivos, preguntas de investigaci&#xF3;n y justifica</subfield>
  </datafield>
  <datafield tag="650" ind1="1" ind2="4">
    <subfield code="a">INVESTIGACI&#xD3;N </subfield>
    <subfield code="x">METODOLOG&#xCD;A</subfield>
    <subfield code="9">35</subfield>
  </datafield>
  <datafield tag="700" ind1="1" ind2="2">
    <subfield code="a">Fern&#xE1;ndez Collado, Carlos</subfield>
    <subfield code="e">autor</subfield>
    <subfield code="9">4313</subfield>
  </datafield>
  <datafield tag="700" ind1="2" ind2="0">
    <subfield code="a">Baptista Lucio, Pilar</subfield>
    <subfield code="e">autor</subfield>
    <subfield code="9">5212</subfield>
  </datafield>
  <datafield tag="942" ind1=" " ind2=" ">
    <subfield code="c">LB</subfield>
  </datafield>
  <datafield tag="952" ind1=" " ind2=" ">
    <subfield code="0">0</subfield>
    <subfield code="1">0</subfield>
    <subfield code="2">lcc</subfield>
    <subfield code="4">0</subfield>
    <subfield code="7">0</subfield>
    <subfield code="a">14</subfield>
    <subfield code="b">14</subfield>
    <subfield code="d">2009-06-12</subfield>
    <subfield code="l">0</subfield>
    <subfield code="o">AZ105 H47 2003</subfield>
    <subfield code="p">14 000118</subfield>
    <subfield code="r">2012-10-28</subfield>
    <subfield code="t">1</subfield>
    <subfield code="w">2012-10-28</subfield>
    <subfield code="y">LB</subfield>
  </datafield>
  <datafield tag="952" ind1=" " ind2=" ">
    <subfield code="0">0</subfield>
    <subfield code="1">0</subfield>
    <subfield code="2">lcc</subfield>
    <subfield code="4">0</subfield>
    <subfield code="7">0</subfield>
    <subfield code="a">14</subfield>
    <subfield code="b">14</subfield>
    <subfield code="d">2009-06-12</subfield>
    <subfield code="l">3</subfield>
    <subfield code="o">AZ105 H47 2003</subfield>
    <subfield code="p">14 000293</subfield>
    <subfield code="r">2015-08-18</subfield>
    <subfield code="s">2015-08-18</subfield>
    <subfield code="t">2</subfield>
    <subfield code="w">2012-10-28</subfield>
    <subfield code="y">LB</subfield>
  </datafield>
  <datafield tag="952" ind1=" " ind2=" ">
    <subfield code="0">0</subfield>
    <subfield code="1">0</subfield>
    <subfield code="2">lcc</subfield>
    <subfield code="4">0</subfield>
    <subfield code="7">0</subfield>
    <subfield code="a">14</subfield>
    <subfield code="b">14</subfield>
    <subfield code="d">2009-06-12</subfield>
    <subfield code="l">6</subfield>
    <subfield code="o">AZ105 H47 2003</subfield>
    <subfield code="p">14 000294</subfield>
    <subfield code="r">2020-02-11</subfield>
    <subfield code="s">2020-02-11</subfield>
    <subfield code="t">3</subfield>
    <subfield code="w">2012-10-28</subfield>
    <subfield code="y">LB</subfield>
  </datafield>
  <datafield tag="952" ind1=" " ind2=" ">
    <subfield code="0">0</subfield>
    <subfield code="1">0</subfield>
    <subfield code="2">lcc</subfield>
    <subfield code="4">0</subfield>
    <subfield code="7">0</subfield>
    <subfield code="a">14</subfield>
    <subfield code="b">14</subfield>
    <subfield code="d">2009-06-12</subfield>
    <subfield code="l">3</subfield>
    <subfield code="m">1</subfield>
    <subfield code="o">AZ105 H47 2003</subfield>
    <subfield code="p">14 000295</subfield>
    <subfield code="r">2020-02-18</subfield>
    <subfield code="s">2015-09-22</subfield>
    <subfield code="t">4</subfield>
    <subfield code="w">2012-10-28</subfield>
    <subfield code="y">LB</subfield>
  </datafield>
  <datafield tag="952" ind1=" " ind2=" ">
    <subfield code="0">0</subfield>
    <subfield code="1">0</subfield>
    <subfield code="2">lcc</subfield>
    <subfield code="4">0</subfield>
    <subfield code="7">0</subfield>
    <subfield code="a">22</subfield>
    <subfield code="b">22</subfield>
    <subfield code="d">2015-11-09</subfield>
    <subfield code="l">1</subfield>
    <subfield code="o">AZ105 H47 2003</subfield>
    <subfield code="p">11 004185</subfield>
    <subfield code="r">2023-07-15</subfield>
    <subfield code="s">2018-03-15</subfield>
    <subfield code="t">1</subfield>
    <subfield code="w">2015-11-09</subfield>
    <subfield code="y">LB</subfield>
  </datafield>
  <datafield tag="952" ind1=" " ind2=" ">
    <subfield code="0">0</subfield>
    <subfield code="1">0</subfield>
    <subfield code="2">lcc</subfield>
    <subfield code="4">0</subfield>
    <subfield code="7">0</subfield>
    <subfield code="a">22</subfield>
    <subfield code="b">22</subfield>
    <subfield code="d">2015-11-09</subfield>
    <subfield code="l">2</subfield>
    <subfield code="o">AZ105 H47 2003</subfield>
    <subfield code="p">11 004578</subfield>
    <subfield code="r">2023-07-15</subfield>
    <subfield code="s">2019-12-16</subfield>
    <subfield code="t">2</subfield>
    <subfield code="w">2015-11-09</subfield>
    <subfield code="y">LB</subfield>
  </datafield>
  <datafield tag="952" ind1=" " ind2=" ">
    <subfield code="0">0</subfield>
    <subfield code="1">0</subfield>
    <subfield code="2">lcc</subfield>
    <subfield code="4">0</subfield>
    <subfield code="7">0</subfield>
    <subfield code="a">22</subfield>
    <subfield code="b">22</subfield>
    <subfield code="d">2015-11-09</subfield>
    <subfield code="l">3</subfield>
    <subfield code="o">AZ105 H47 2003</subfield>
    <subfield code="p">11 004579</subfield>
    <subfield code="r">2023-07-15</subfield>
    <subfield code="s">2018-03-15</subfield>
    <subfield code="t">3</subfield>
    <subfield code="w">2015-11-09</subfield>
    <subfield code="y">LB</subfield>
  </datafield>
  <datafield tag="952" ind1=" " ind2=" ">
    <subfield code="0">0</subfield>
    <subfield code="1">0</subfield>
    <subfield code="2">lcc</subfield>
    <subfield code="4">0</subfield>
    <subfield code="7">0</subfield>
    <subfield code="a">22</subfield>
    <subfield code="b">22</subfield>
    <subfield code="d">2015-11-09</subfield>
    <subfield code="l">2</subfield>
    <subfield code="o">AZ105 H47 2003</subfield>
    <subfield code="p">11 004580</subfield>
    <subfield code="r">2023-07-15</subfield>
    <subfield code="s">2017-05-22</subfield>
    <subfield code="t">4</subfield>
    <subfield code="w">2015-11-09</subfield>
    <subfield code="y">LB</subfield>
  </datafield>
  <datafield tag="952" ind1=" " ind2=" ">
    <subfield code="0">0</subfield>
    <subfield code="1">0</subfield>
    <subfield code="2">lcc</subfield>
    <subfield code="4">0</subfield>
    <subfield code="7">0</subfield>
    <subfield code="a">22</subfield>
    <subfield code="b">22</subfield>
    <subfield code="d">2015-11-09</subfield>
    <subfield code="l">9</subfield>
    <subfield code="o">AZ105 H47 2003</subfield>
    <subfield code="p">11 011403</subfield>
    <subfield code="r">2023-07-15</subfield>
    <subfield code="s">2018-06-15</subfield>
    <subfield code="t">5</subfield>
    <subfield code="w">2015-11-09</subfield>
    <subfield code="y">LB</subfield>
  </datafield>
  <datafield tag="952" ind1=" " ind2=" ">
    <subfield code="0">0</subfield>
    <subfield code="1">0</subfield>
    <subfield code="2">ddc</subfield>
    <subfield code="4">0</subfield>
    <subfield code="7">0</subfield>
    <subfield code="a">15</subfield>
    <subfield code="b">15</subfield>
    <subfield code="d">2015-11-09</subfield>
    <subfield code="l">0</subfield>
    <subfield code="o">001.42 H557m 2003</subfield>
    <subfield code="p">15 001248</subfield>
    <subfield code="r">2017-12-07</subfield>
    <subfield code="t">1</subfield>
    <subfield code="w">2015-11-09</subfield>
    <subfield code="y">LB</subfield>
  </datafield>
  <datafield tag="952" ind1=" " ind2=" ">
    <subfield code="0">0</subfield>
    <subfield code="1">0</subfield>
    <subfield code="2">ddc</subfield>
    <subfield code="4">0</subfield>
    <subfield code="7">0</subfield>
    <subfield code="a">15</subfield>
    <subfield code="b">15</subfield>
    <subfield code="d">2015-11-09</subfield>
    <subfield code="l">0</subfield>
    <subfield code="o">001.42 H557m 2003</subfield>
    <subfield code="p">15 001343</subfield>
    <subfield code="r">2017-12-07</subfield>
    <subfield code="t">2</subfield>
    <subfield code="w">2015-11-09</subfield>
    <subfield code="y">LB</subfield>
  </datafield>
  <datafield tag="952" ind1=" " ind2=" ">
    <subfield code="0">0</subfield>
    <subfield code="1">0</subfield>
    <subfield code="2">ddc</subfield>
    <subfield code="4">0</subfield>
    <subfield code="7">0</subfield>
    <subfield code="a">15</subfield>
    <subfield code="b">15</subfield>
    <subfield code="d">2015-11-09</subfield>
    <subfield code="l">0</subfield>
    <subfield code="o">001.42 H557m 2003</subfield>
    <subfield code="p">15 001477</subfield>
    <subfield code="r">2017-12-07</subfield>
    <subfield code="t">3</subfield>
    <subfield code="w">2015-11-09</subfield>
    <subfield code="y">LB</subfield>
  </datafield>
  <datafield tag="952" ind1=" " ind2=" ">
    <subfield code="0">0</subfield>
    <subfield code="1">0</subfield>
    <subfield code="4">0</subfield>
    <subfield code="7">0</subfield>
    <subfield code="a">08</subfield>
    <subfield code="b">08</subfield>
    <subfield code="d">2015-11-09</subfield>
    <subfield code="l">0</subfield>
    <subfield code="o">AZ105 H47 2003</subfield>
    <subfield code="p">08 000450</subfield>
    <subfield code="r">2015-11-09</subfield>
    <subfield code="t">1</subfield>
    <subfield code="w">2015-11-09</subfield>
    <subfield code="y">LB</subfield>
  </datafield>
  <datafield tag="952" ind1=" " ind2=" ">
    <subfield code="0">0</subfield>
    <subfield code="1">0</subfield>
    <subfield code="4">0</subfield>
    <subfield code="7">0</subfield>
    <subfield code="a">08</subfield>
    <subfield code="b">08</subfield>
    <subfield code="d">2015-11-09</subfield>
    <subfield code="l">4</subfield>
    <subfield code="o">AZ105 H47 2003</subfield>
    <subfield code="p">08 000451</subfield>
    <subfield code="r">2023-09-19</subfield>
    <subfield code="s">2023-09-19</subfield>
    <subfield code="t">2</subfield>
    <subfield code="w">2015-11-09</subfield>
    <subfield code="y">LB</subfield>
  </datafield>
  <datafield tag="952" ind1=" " ind2=" ">
    <subfield code="0">0</subfield>
    <subfield code="1">0</subfield>
    <subfield code="4">0</subfield>
    <subfield code="7">0</subfield>
    <subfield code="a">08</subfield>
    <subfield code="b">08</subfield>
    <subfield code="d">2015-11-09</subfield>
    <subfield code="l">2</subfield>
    <subfield code="o">AZ105 H47 2003</subfield>
    <subfield code="p">08 000452</subfield>
    <subfield code="r">2024-04-22</subfield>
    <subfield code="s">2023-03-17</subfield>
    <subfield code="t">3</subfield>
    <subfield code="w">2015-11-09</subfield>
    <subfield code="y">LB</subfield>
  </datafield>
  <datafield tag="952" ind1=" " ind2=" ">
    <subfield code="0">0</subfield>
    <subfield code="1">0</subfield>
    <subfield code="4">0</subfield>
    <subfield code="7">0</subfield>
    <subfield code="a">08</subfield>
    <subfield code="b">08</subfield>
    <subfield code="d">2015-11-09</subfield>
    <subfield code="l">2</subfield>
    <subfield code="o">AZ105 H47 2003</subfield>
    <subfield code="p">08 000453</subfield>
    <subfield code="r">2024-04-22</subfield>
    <subfield code="s">2023-11-15</subfield>
    <subfield code="t">4</subfield>
    <subfield code="w">2015-11-09</subfield>
    <subfield code="y">LB</subfield>
  </datafield>
  <datafield tag="952" ind1=" " ind2=" ">
    <subfield code="0">0</subfield>
    <subfield code="1">0</subfield>
    <subfield code="4">0</subfield>
    <subfield code="7">0</subfield>
    <subfield code="a">08</subfield>
    <subfield code="b">08</subfield>
    <subfield code="d">2015-11-09</subfield>
    <subfield code="l">0</subfield>
    <subfield code="o">AZ105 H47 2003</subfield>
    <subfield code="p">08 000454</subfield>
    <subfield code="r">2015-11-09</subfield>
    <subfield code="t">5</subfield>
    <subfield code="w">2015-11-09</subfield>
    <subfield code="y">LB</subfield>
  </datafield>
  <datafield tag="952" ind1=" " ind2=" ">
    <subfield code="0">0</subfield>
    <subfield code="1">0</subfield>
    <subfield code="4">0</subfield>
    <subfield code="7">0</subfield>
    <subfield code="a">08</subfield>
    <subfield code="b">08</subfield>
    <subfield code="d">2015-11-09</subfield>
    <subfield code="l">0</subfield>
    <subfield code="o">AZ105 H47 2003</subfield>
    <subfield code="p">08 000455</subfield>
    <subfield code="r">2015-11-09</subfield>
    <subfield code="t">6</subfield>
    <subfield code="w">2015-11-09</subfield>
    <subfield code="y">LB</subfield>
  </datafield>
  <datafield tag="952" ind1=" " ind2=" ">
    <subfield code="0">0</subfield>
    <subfield code="1">0</subfield>
    <subfield code="4">0</subfield>
    <subfield code="7">0</subfield>
    <subfield code="a">08</subfield>
    <subfield code="b">08</subfield>
    <subfield code="d">2015-11-09</subfield>
    <subfield code="l">2</subfield>
    <subfield code="o">AZ105 H47 2003</subfield>
    <subfield code="p">08 001725</subfield>
    <subfield code="r">2023-09-19</subfield>
    <subfield code="s">2023-09-19</subfield>
    <subfield code="t">7</subfield>
    <subfield code="w">2015-11-09</subfield>
    <subfield code="y">LB</subfield>
  </datafield>
  <datafield tag="952" ind1=" " ind2=" ">
    <subfield code="0">0</subfield>
    <subfield code="1">0</subfield>
    <subfield code="4">0</subfield>
    <subfield code="7">0</subfield>
    <subfield code="a">13</subfield>
    <subfield code="b">13</subfield>
    <subfield code="d">2015-11-09</subfield>
    <subfield code="l">0</subfield>
    <subfield code="o">AZ105 H47 2003</subfield>
    <subfield code="p">13 000006</subfield>
    <subfield code="r">2015-11-09</subfield>
    <subfield code="t">1</subfield>
    <subfield code="w">2015-11-09</subfield>
    <subfield code="y">LB</subfield>
  </datafield>
  <datafield tag="999" ind1=" " ind2=" ">
    <subfield code="c">84903</subfield>
    <subfield code="d">84903</subfield>
  </datafield>
</record>
